Discutir Houellebecq : cinco ensayos críticos entre Buenos Aires y París /

Gardado en:
Detalles Bibliográficos
Outros autores: Fassin, Eric (autor) (autor)
Formato: Libro
Idioma:Lingua castelá
Publicado: Madrid, España : Clave Intelectual, 2015, c2015
Temas:
Etiquetas: Engadir etiqueta
Sen Etiquetas, Sexa o primeiro en etiquetar este rexistro!

MARC

LEADER 00000nam^a2200000^a^4500
001 000365290
005 20250521000000.0
009 20260310115639.413
020 |a 978-84-943433-4-6 
037 |a Acervo ITESO - Biblioteca 
041 |a ESP 
082 |a 840. 944083  |b DIS 
245 0 0 |a Discutir Houellebecq :  |b cinco ensayos críticos entre Buenos Aires y París /  |c E. Fassin... [et al.]. 
264 4 |a Madrid, España :  |b Clave Intelectual,  |c 2015, c2015 
300 |a 156 p. 
336 |a texto  |b txt  |2 rdacontenido 
337 |a sin mediación  |b n  |2 rdamedio 
338 |a volumen  |b nc  |2 rdasoporte 
545 0 |a Michel Houellebecq, escritor nacido en 1958 en la isla de La Reunión, en el Océano Indico, que figura entre los autores franceses más famosos y polémicos de su generación. Tras estudiar Agronomía, comenzó su trayectoria literaria y a frecuentar círculos poéticos a los veinte años de edad. Inició su obra con el trabajo biográfico-crítico H.P. Lovecraft: contra el mundo, contra la vida (1991) y obtuvo el Premio Tristan Tzara por el poemario La búsqueda de la felicidad (1992), pero fue con la novela Ampliación del campo de batalla (1994) que se dio a conocer entre el gran público. Alcanzó nuevos galardones con El sentido de la lucha (1996, Prix de Flore) –incluido junto con Seguir vivo y La búsqueda de la felicidad en la edición española titulada Supervivencia- y Las partículas elementales (1998, Premio Noviembre y finalista del Premio Goncourt), en tanto que reunió una serie de textos críticos y crónicas en El mundo como supermercado (1998) y recibió ese mismo año el Premio Nacional de Letras del Ministerio de Cultura de Francia. Lanzarote: en el centro del mundo (2000), proyecto en el que aunó sus facetas como narrador y fotógrafo, precedió la controversia originada con su novela Plataforma (2001). Luego que su compatriota Philippe Haral realizó la adaptación fílmica de Ampliación del campo de batalla (1999) y el alemán Oskar Roehler la de Las partículas elementales (2006), el propio Houellebecq dirigió su primer largometraje (2008) con base en su novela La posibilidad de una isla (2005, Premio Interallié). Publicó su correspondencia electrónica con Bernard-Henri Lévy en Enemigos públicos (2008) y fue galardonado con el Premio Goncourt por la novela El mapa y el territorio (2010). 
649 |a XX 
650 |a Escritores Franceses 
650 |a Novela Francesa -  |x Historia y Crítica 
650 |a Literatura Francesa -  |x Historia y Crítica 
650 |a Literatura Francesa -  |y Siglo XXI 
650 |a Houellebecq, Michel -  |x Tema Principal 
700 |a Fassin, Eric  |e (autor) 
910 |a Fondo General 
920 |a Impresos - Libros 
930 |a Colección General 
940 |a Literatura 
905 |a 101 
901 |a 0500259016  |b IT1  |c LIT  |i C148730  |u 20250521 
902 |a https://opac.biblio.iteso.mx/vufind/Record/000365290